• 首页
  • 本馆介绍
  • 公告通知
  • 最新文献
  • 馆藏检索
  • 电子资源
  • 读者导购
  • 参考咨询
  • 我的图书馆
  • 登录
  • 详细信息显示
  • 放入我的书架
  • 预约/预借图书
  • 作者相关作品
  • 分类相关作品
  • 丛书相关作品
  • 出版社相关作品

书目信息

  • 表格格式
  • 工作单格式
  • 卡片格式
题名:
电力工程CAD绘图快速入门
    
 
作者: 谭荣伟 编著
分册:  
出版信息: 北京   化学工业出版社  2016
页数: 215页
开本: 26cm
丛书名:
单 册:
中图分类: TM02-39
科图分类:
主题词: 电力工程--工程制图--计算机制图--AutoCAD软件
电子资源:
ISBN: 978-7-122-25787-1
000 00908nam0 2200217 450
001 140
005 20160905103026.63
010    @a978-7-122-25787-1@dCNY58.00
100    @a20160310d2016 em y0chiy50 ea
101 0  @achi
102    @aCN@b110000
105    @aa z 000yy
200 1  @a电力工程CAD绘图快速入门@9dian li gong cheng CAD hui tu kuai su ru men@f谭荣伟等编著
210    @a北京@c化学工业出版社@d2016
215    @a215页@c图@d26cm
330    @a本书以AutoCAD最新简体中文版本(AutoCAD 2016)作为设计平台,以实际电力设计工程图形为案例,紧密结合电力工程设计及管理工作的特点与要求,详细介绍AutoCAD在电力工程设计及管理工作中的应用方法与技巧,包括CAD基本使用功能与高级操作技巧以及各种图形的绘制与编辑修改方法。
606 0  @a电力工程@x工程制图@x计算机制图@xAutoCAD软件
690    @aTM02-39@v5
701  0 @a谭荣伟@9tan rong wei@4编著
801  0 @aCN@b唐山师范学院图书馆@c20160720
905    @aZUCC@dTM02-39@e11
    
    电力工程CAD绘图快速入门/谭荣伟等编著.-北京:化学工业出版社,2016
    215页:图;26cm
    
    
    ISBN 978-7-122-25787-1:CNY58.00
    本书以AutoCAD最新简体中文版本(AutoCAD 2016)作为设计平台,以实际电力设计工程图形为案例,紧密结合电力工程设计及管理工作的特点与要求,详细介绍AutoCAD在电力工程设计及管理工作中的应用方法与技巧,包括CAD基本使用功能与高级操作技巧以及各种图形的绘制与编辑修改方法。
●
相关链接 在E读中查询图书 在五车中查询图书 在当当中查询图书 在豆瓣中查询图书


正题名:电力工程CAD绘图快速入门     索取号:TM02-39/11         预约/预借

序号 登录号 条形码 馆藏地/架位号 状态 备注
1 900577   209005770   第二样本阅览室/ [索取号:TM02-39/11] 在馆    
2 900578   209005789   第三借阅区/ [索取号:TM02-39/11] 在馆    
3 900579   209005798   第三借阅区/ [索取号:TM02-39/11] 在馆    
4 900580   209005805   第三借阅区/ [索取号:TM02-39/11] 在馆    
唐山师范学院图书馆 欢迎您!
大连网信软件有限公司© 版权所有